000 00663cam a22002413a 4500
001 27104
003 PGUSA
005 20140828083603.0
008 081030s2008||||xxu|||||s|||||000 1 eng d
040 _aPGUSA
_beng
042 _adc
050 4 _aPL
100 1 _aSu'anzhuren,
_d18th cent.
245 1 0 _a歸蓮夢
_h[electronic resource] /
_cSu'anzhuren
260 _bProject Gutenberg,
_c2008
506 _aPublic domain in the USA.
516 _aElectronic text
653 _aChinese fiction -- Qing dynasty, 1644-1912
740 0 _aGui Lian Meng
830 0 _aProject Gutenberg
_v27104
856 4 0 _uhttp://www.gutenberg.org/ebooks/27104
942 _cEB
999 _c256359
_d256359